Kontinente - Kachelauswahl - Statistiken

Allgemein
  • Dieses Quiz wurde 131 mal gespielt
  • Das Durchschnittsergebnis liegt bei 33 aus 48
Antwortstatistiken
Frage Kachel Select % Korrekt
auf denen schon mindestens zwei Päpste geboren wurden. Ozeanien Nein
93%
die keine Binnenstaaten haben. Europa Nein
91%
auf denen schon mindestens zwei Päpste geboren wurden. Europa Ja
91%
die ein Land haben, welches kleiner als 200 Quadratkilometer ist. Europa Ja
91%
die keine Binnenstaaten haben. Afrika Nein
90%
die ans Mittelmeer grenzen. Europa Ja
90%
die keine Binnenstaaten haben. Ozeanien Ja
90%
die ans Mittelmeer grenzen. Ozeanien Nein
90%
die keine Binnenstaaten haben. Südamerika Nein
90%
die keine Binnenstaaten haben. Asien Nein
89%
die ans Mittelmeer grenzen. Afrika Ja
87%
die ans Mittelmeer grenzen. Nordamerika Nein
87%
die ans Mittelmeer grenzen. Südamerika Nein
87%
auf denen schon mindestens zwei Päpste geboren wurden. Afrika Nein
86%
deren zwei flächenmäßig größten Länder aneinander grenzen. Ozeanien Nein
85%
auf denen keine G7-Staaten liegen. Nordamerika Nein
83%
die keine Binnenstaaten haben. Nordamerika Ja
82%
deren zwei flächenmäßig größten Länder aneinander grenzen. Afrika Nein
81%
auf denen keine G7-Staaten liegen. Europa Nein
81%
deren zwei flächenmäßig größten Länder aneinander grenzen. Nordamerika Ja
81%
deren zwei flächenmäßig größten Länder aneinander grenzen. Asien Ja
80%
die ein Land haben, welches kleiner als 200 Quadratkilometer ist. Ozeanien Ja
80%
die ein Land haben, welches kleiner als 200 Quadratkilometer ist. Südamerika Nein
79%
die nach einer realen Person benannt sind. Ozeanien Nein
78%
auf denen keine G7-Staaten liegen. Asien Nein
75%
die ans Mittelmeer grenzen. Asien Ja
74%
die nach einer realen Person benannt sind. Asien Nein
70%
deren zwei flächenmäßig größten Länder aneinander grenzen. Südamerika Ja
70%
die eins der drei am dünnsten besiedelten Länder haben. Südamerika Nein
70%
auf denen keine G7-Staaten liegen. Ozeanien Ja
69%
die eins der drei am dünnsten besiedelten Länder haben. Nordamerika Nein
67%
auf denen keine G7-Staaten liegen. Afrika Ja
65%
auf denen schon mindestens zwei Päpste geboren wurden. Nordamerika Nein
63%
die nach einer realen Person benannt sind. Afrika Nein
62%
die eins der drei am dünnsten besiedelten Länder haben. Asien Ja
62%
die eins der drei am dünnsten besiedelten Länder haben. Europa Nein
60%
auf denen keine G7-Staaten liegen. Südamerika Ja
60%
die ein Land haben, welches kleiner als 200 Quadratkilometer ist. Nordamerika Nein
47%
die eins der drei am dünnsten besiedelten Länder haben. Ozeanien Ja
47%
die ein Land haben, welches kleiner als 200 Quadratkilometer ist. Afrika Nein
42%
auf denen schon mindestens zwei Päpste geboren wurden. Südamerika Nein
42%
die eins der drei am dünnsten besiedelten Länder haben. Afrika Ja
39%
deren zwei flächenmäßig größten Länder aneinander grenzen. Europa Ja
37%
die nach einer realen Person benannt sind. Nordamerika Ja
37%
die nach einer realen Person benannt sind. Europa Nein
35%
die nach einer realen Person benannt sind. Südamerika Ja
35%
die ein Land haben, welches kleiner als 200 Quadratkilometer ist. Asien Nein
22%
auf denen schon mindestens zwei Päpste geboren wurden. Asien Ja
11%
Keine übereinstimmenden Quizze gefunden
Verteilung der Resultate
Anzahl Personen mit jedem Resultat
Perzentil nach korrekt beantworteten Fragen
Ihre Resultats-Entwicklung
Sie haben dieses Quiz noch nicht gespielt